Stati dell'OPEC - Statistics

Statistiche generali
  • Questo quiz è stato fatto 13 volte
  • Il punteggio medio è 9 su 13
Statistiche sulle risposte
Anno di adesione Stato % Corretto
1960 Arabia Saudita
100%
Iran
100%
Iraq
100%
1971 Nigeria
92%
Venezuela
92%
1967 Emirati Arabi Uniti
75%
Kuwait
75%
1962 Libia
75%
1969 Algeria
58%
2018 Repubblica del Congo
58%
2007 Angola
50%
1975 Gabon
25%
2017 Guinea Equatoriale
17%
Nessun quiz corrispondente trovato
Distribuzione punteggi
Percentuale di utenti per punteggio
Percentile per numero di risposta
I tuoi punteggi nel tempo
Non hai fatto questo quiz